LEADER 01669nam a2200301 i 4500 001 000000019254 003 CaOOAMICUS 005 20210610155459.0 008 180830s19371946it u000 u ita u 040 $aSeMil$bita 100 1 $aAlighieri, Dante,$d<1265-1321>.$0(OLS)http://semarc/name/453 245 13$aLa Divina Commedia /$cdi Dante Alighieri ; commentata da Luigi Pietrobono. 250 $a3. edizione interamente rifatta. 264 1$aTorino ; Milano [etc.] :$bSocietà Editrice Internazionale,$c1937-1946. 300 $a3 v. ;$c20 cm. 490 1 $aI classici della scuola 650 4$aAlighieri, Dante <1265-1321> . Divina Commedia.$0(OLS)http://semarc/subject/338 700 1 $aPietrobono, Luigi,$d<1863-1960>.$0(OLS)http://semarc/name/8596 774 0 $t1: Inferno.$dTorino ; Milano [etc.] : Società Editrice Internazionale, 1944.$w()169822 774 0 $t2: Purgatorio.$dTorino ; Milano [etc.] : Società Editrice Internazionale, 1946.$w()169824 774 0 $t3: Paradiso.$dTorino ; Milano [etc.] : Società Editrice Internazionale, 1943.$w()169825 774 0 $t1: Inferno.$dTorino ; Milano [etc.] : Società Editrice Internazionale, 1937.$w()346553 774 0 $t2: Purgatorio.$dTorino ; Milano [etc.] : Società Editrice Internazionale, 1939.$w()346555 774 0 $t3: Paradiso.$dTorino ; Milano [etc.] : Società Editrice Internazionale, 1940.$w()346556 830 2$aI classici della scuola.$0(OLS)http://semarc/title/8020 996 $6245$aLa Divina Commedia$9(OLS)http://semarc/title/45395 996 $6264$aTorino ; Milano [etc.] :$bSocietà Editrice Internazionale$9(OLS)http://semarc/publisher/33070 LEADER 01026nab a2200169 i 4500 001 000000283994 003 CaOOAMICUS 005 20180831165247.0 008 180831n xx uu u0 0und r 013 $a37212 040 $aSeMil$bita 100 1 $aScalfi, Romano,$c.$0(OLS)http://semarc/name/89208 245 10$aFinalità e compiti della catechesi ; Vogliono il crocifisso. Ma non prendono la croce ; Ma nel cuore di Dio abita il rancore? ; Per noi uomini e per la nostra salvezza ; Intervista a P. Romano Scalfi ; Dossier :$bRedenzione... - Titoli dalla copertina. 500 $aMarzo 2010. 650 4$aRussia Cristiana.$0(OLS)http://semarc/subject/43097 773 0 $t2009-2010.$dBologna : EDB, 2010.$w()238676 996 $6245$aFinalità e compiti della catechesi ; Vogliono il crocifisso. Ma non prendono la croce ; Ma nel cuore di Dio abita il rancore? ; Per noi uomini e per la nostra salvezza ; Intervista a P. Romano Scalfi ; Dossier :$bRedenzione... - Titoli dalla copertina$9(OLS)http://semarc/title/365367